000 01222nam a2200301 i 4500
003 DO-SdBNP
005 20250731082844.0
007 ta
008 250731s2015 dr 000 0 spa d
040 _aDO-SdBNP
_bspa
_cBNPHU
_erda
041 _aspa
082 _axxxx
_bI59
_222
245 1 3 _aInstitucionalidad democrática y sistema de justicia en República Dominicana :
_breflexiones y retos /
_cedición, Carlos Villaverde Gómez, Virginia Velázquez Kranwinkel, Yudelka Polanco ; presentación, Servio Tulio Castaños Guzmán
264 _aSanto Domingo :
_bFINJUS,
_c2015.
300 _a180 páginas :
_c23 cm.
336 _atexto
_btxt
_2rdacontent
337 _asin mediación
_bn
_2rdamedia
338 _avolumen
_bnc
_2rdacarrier
500 _aEn conmemoración del 25 aniversario de FINJUS.
590 _aInventariado, 2025/ YL
700 1 2 _aVillaverde Gómez, Carlos
_eedición
_973542
_4ed.
700 1 2 _aVelázquez Kranwinkel, Virginia
_eedición
_4ed.
_988454
700 1 2 _aPolanco, Yudelka
_eedición
_4ed.
_988455
700 1 2 _aCastaños Guzmán, Servio Tulio
_epresentación
_4pr.
_99389
710 1 _aFundación Institucionalidad y Justicia (FINJUS)
_988456
910 _aYLockward
942 _2ddc
_cLBS1
999 _c59688
_d59688